[Event "Brno II etapa-B"]
[Site "Brno"]
[Date "2004.04.29"]
[Round "5"]
[White "Sevcik, Jakub"]
[Black "Baron, Premysl"]
[Result "1-0"]
[WhiteElo "1895"]
[BlackElo "1844"]
[PlyCount "85"]
[EventDate "2004.04.15"]
[EventType "tourn"]
[EventRounds "9"]
[EventCountry "CZE"]
[SourceTitle "EXT 2006"]
[Source "ChessBase"]
[SourceDate "2005.11.24"]
[SourceVersion "1"]
[SourceVersionDate "2005.11.24"]
[SourceQuality "1"]

1. e4 e6 2. Nc3 d5 3. d4 Bb4 4. e5 c5 5. a3 Ba5 6. Bd2 cxd4 7. Nb5 Bc7 8. Nf3 Nc6 9. Bf4 Nge7 10. Bd3 Ng6 11. Bxg6 hxg6 12. 0-0 a6 13. Nbxd4 Nxd4 14. Qxd4 Bb6 15. Qd3 Bd7 16. a4 Rc8 17. b3 Qc7 18. Rfc1 Qc3 19. Qe2 Qb4 20. c4 dxc4 21. bxc4 Qc5 22. Qb2 Qc7 23. Rab1 Bc5 24. Qb3 Bc6 25. Ne1 Be4 26. Rb2 Rd8 27. Rd1 Rxd1 28. Qxd1 Ke7 29. Qe2 Bc6 30. Qg4 Rh5 31. Bg5+ Ke8 32. Rd2 Be7 33. Bxe7 Kxe7 34. Nd3 Bxa4 35. Qd4 Bc6 36. f4 Rh8 37. Qc5+ Ke8 38. Nb4 Qe7 39. Qb6 f6 40. Nxc6 bxc6 41. Qxc6+ Kf8 42. Rd7 Qe8 43. Qd6+ 1-0